Prediktívne modelovanie kardiotoxicity metódou QSAR

Enregistré dans:
Détails bibliographiques
Auteur principal: Sloboda, Dominik (Auteur)
Autres auteurs: Šoltésová Prnová, Marta (Directeur de thèse)
Format: Manuscrit Livre
Langue:slovaque
Publié: 2024
Sujets:
Accès en ligne:http://is.stuba.sk/zp/portal_zp.pl?podrobnosti=169855
Tags: Ajouter un tag
Pas de tags, Soyez le premier à ajouter un tag!

MARC

LEADER 00000ntm a22000003a 4500
001 stuzp100155
003 SK-STU
005 20240608213515.8
007 ta
008 150427s2015----xo-----f-mn---000-0-slo-d
040 |a STU  |b slo 
041 0 |a slo 
100 1 |a Sloboda, Dominik  |u 070200  |4 aut  |U FIIT Fakulta informatiky a informačných technológií  |T FIIT Ústav informatiky, informačných systémov a softvérového inžinierstva  |X 97048  |U I200  |Y 179  |7 97048 
242 0 1 |a Predictive modeling of cardiotoxicity by the QSAR method  |y eng 
245 1 0 |a Prediktívne modelovanie kardiotoxicity metódou QSAR 
260 |c 2024 
650 4 |a Shapleyho hodnoty  |2 slo 
650 4 |a QSAR modely  |2 slo 
650 4 |a strojové učenie  |2 slo 
650 4 |a predikcia kardiotoxicity  |2 slo 
650 4 |a QSAR models  |2 eng 
650 4 |a Shapley values  |2 eng 
650 4 |a prediction of cardiotoxicity  |2 eng 
650 4 |a machine learning  |2 eng 
700 1 |a Šoltésová Prnová, Marta  |u 070200  |k Z8  |4 ths  |U FIIT Fakulta informatiky a informačných technológií  |T FIIT Ústav informatiky, informačných systémov a softvérového inžinierstva  |X 26431  |U I200  |Y 179  |7 26431 
856 4 |u http://is.stuba.sk/zp/portal_zp.pl?podrobnosti=169855